书目信息 |
| 题名: |
热处理炉的安装、调试与维修
|
|
| 作者: | 张伟 编著 | |
| 分册: | ||
| 出版信息: | 北京 化学工业出版社 2007.09 |
|
| 页数: | 526页 | |
| 开本: | 24cm | |
| 丛书名: | ||
| 单 册: | ||
| 中图分类: | TG155.1 | |
| 科图分类: | ||
| 主题词: | 热处理炉--re chu li lu--安装 , 热处理炉--re chu li lu--维修 , 热处理炉--re chu li lu--调试 | |
| 电子资源: | ||
| ISBN: | 978-7-122-00932-6 | |
| 000 | 00917nam0 2200265 450 | |
| 001 | 012007934159 | |
| 005 | 20071229183617.32 | |
| 010 | @a978-7-122-00932-6@dCNY59.00 | |
| 100 | @a20071229d2007 km y0chiy0120 ea | |
| 101 | 0 | @achi |
| 102 | @aCN@b110000 | |
| 105 | @ay a 000yy | |
| 106 | @ar | |
| 200 | 1 | @a热处理炉的安装、调试与维修@Are chu li lu de an zhuang、diao shi yu wei xiu@f张伟编著@Fzhang wei bian zhu |
| 210 | @a北京@c化学工业出版社@d2007.09 | |
| 215 | @a526页@d24cm | |
| 320 | @a有书目 (第525-526页)。 | |
| 330 | @a本书包含的内容主要有:热处理炉安装与维修的基本知识、热处理炉的地基、基础及其加固、热处理炉砌体的砌筑施工与维修等。 | |
| 606 | 0 | @a热处理炉@Are chu li lu@x安装 |
| 606 | 0 | @a热处理炉@Are chu li lu@x维修 |
| 606 | 0 | @a热处理炉@Are chu li lu@x调试 |
| 690 | @aTG155.1@v4 | |
| 701 | 0 | @a张伟@Azhang wei@4编著 |
| 801 | 0 | @aCN@bQSSK@c20071229 |
| 905 | @b275244-45@dTG155.1@eZ193@f2 | |
| 热处理炉的安装、调试与维修/张伟编著.-北京:化学工业出版社,2007.09 |
| 526页;24cm |
| ISBN 978-7-122-00932-6:CNY59.00 |
| 本书包含的内容主要有:热处理炉安装与维修的基本知识、热处理炉的地基、基础及其加固、热处理炉砌体的砌筑施工与维修等。 |
| ● |
| 相关链接 |
|
|
|
正题名:热处理炉的安装、调试与维修
索取号:TG155.1/Z193
 
预约/预借
| 序号 | 登录号 | 条形码 | 馆藏地/架位号 | 状态 | 备注 |
| 1 | 275244 | 202752440 | 自科库501/501自科库 25排1列5层/ [索取号:TG155.1/Z193] | 在馆 | |
| 2 | 275245 | 202752459 | 自科库501/501自科库 25排1列5层/ [索取号:TG155.1/Z193] | 在馆 |